<?xml version="1.0" encoding="UTF-8"?>
<record
    xmlns:xsi="http://www.w3.org/2001/XMLSchema-instance"
    xsi:schemaLocation="http://www.loc.gov/MARC21/slim http://www.loc.gov/standards/marcxml/schema/MARC21slim.xsd"
    xmlns="http://www.loc.gov/MARC21/slim">

  <leader>00420nam a22001697a 4500</leader>
  <controlfield tag="005">20180802152959.0</controlfield>
  <controlfield tag="008">160513b        xxu||||| |||| 00| 0 eng d</controlfield>
  <datafield tag="020" ind1=" " ind2=" ">
    <subfield code="a">10-0-07-066020-4</subfield>
  </datafield>
  <datafield tag="041" ind1=" " ind2=" ">
    <subfield code="a">eng</subfield>
  </datafield>
  <datafield tag="082" ind1=" " ind2=" ">
    <subfield code="b">2019</subfield>
    <subfield code="a">658.3</subfield>
  </datafield>
  <datafield tag="100" ind1=" " ind2=" ">
    <subfield code="a">K. Aswathappa</subfield>
    <subfield code="9">572</subfield>
  </datafield>
  <datafield tag="245" ind1=" " ind2=" ">
    <subfield code="a">Human Resource Management</subfield>
  </datafield>
  <datafield tag="260" ind1=" " ind2=" ">
    <subfield code="a">New Delhi</subfield>
    <subfield code="b">Tata McGraw Hill Ltd. </subfield>
    <subfield code="c">1997</subfield>
  </datafield>
  <datafield tag="300" ind1=" " ind2=" ">
    <subfield code="a">700p,</subfield>
  </datafield>
  <datafield tag="650" ind1=" " ind2=" ">
    <subfield code="a">Management</subfield>
    <subfield code="9">241</subfield>
  </datafield>
  <datafield tag="942" ind1=" " ind2=" ">
    <subfield code="c">BK</subfield>
  </datafield>
  <datafield tag="999" ind1=" " ind2=" ">
    <subfield code="c">744</subfield>
    <subfield code="d">744</subfield>
  </datafield>
  <datafield tag="952" ind1=" " ind2=" ">
    <subfield code="0">0</subfield>
    <subfield code="1">0</subfield>
    <subfield code="4">0</subfield>
    <subfield code="7">0</subfield>
    <subfield code="a">JRU</subfield>
    <subfield code="c">SHELF - 17 - M</subfield>
    <subfield code="d">2016-05-13</subfield>
    <subfield code="l">7</subfield>
    <subfield code="m">2</subfield>
    <subfield code="o">658.3</subfield>
    <subfield code="p">2019</subfield>
    <subfield code="r">2023-05-31 00:00:00</subfield>
    <subfield code="s">2023-05-23</subfield>
    <subfield code="w">2016-05-13</subfield>
    <subfield code="y">BK</subfield>
  </datafield>
  <datafield tag="952" ind1=" " ind2=" ">
    <subfield code="0">0</subfield>
    <subfield code="1">0</subfield>
    <subfield code="4">0</subfield>
    <subfield code="7">0</subfield>
    <subfield code="a">JRU</subfield>
    <subfield code="c">SHELF - 17 - M</subfield>
    <subfield code="d">2016-05-13</subfield>
    <subfield code="l">0</subfield>
    <subfield code="o">658.3</subfield>
    <subfield code="p">2020</subfield>
    <subfield code="r">2016-08-03 00:00:00</subfield>
    <subfield code="w">2016-05-13</subfield>
    <subfield code="y">BK</subfield>
  </datafield>
  <datafield tag="952" ind1=" " ind2=" ">
    <subfield code="0">0</subfield>
    <subfield code="1">0</subfield>
    <subfield code="4">0</subfield>
    <subfield code="7">0</subfield>
    <subfield code="a">JRU</subfield>
    <subfield code="c">SHELF - 17 - M</subfield>
    <subfield code="d">2016-05-13</subfield>
    <subfield code="l">3</subfield>
    <subfield code="o">658.3</subfield>
    <subfield code="p">2021</subfield>
    <subfield code="r">2017-07-11 00:00:00</subfield>
    <subfield code="s">2017-06-30</subfield>
    <subfield code="w">2016-05-13</subfield>
    <subfield code="y">BK</subfield>
  </datafield>
  <datafield tag="952" ind1=" " ind2=" ">
    <subfield code="0">0</subfield>
    <subfield code="1">0</subfield>
    <subfield code="4">0</subfield>
    <subfield code="7">0</subfield>
    <subfield code="a">JRU</subfield>
    <subfield code="c">SHELF - 17 - M</subfield>
    <subfield code="d">2016-05-13</subfield>
    <subfield code="l">3</subfield>
    <subfield code="m">2</subfield>
    <subfield code="o">658.3</subfield>
    <subfield code="p">2022</subfield>
    <subfield code="r">2023-03-13 00:00:00</subfield>
    <subfield code="s">2023-02-20</subfield>
    <subfield code="w">2016-05-13</subfield>
    <subfield code="y">BK</subfield>
  </datafield>
  <datafield tag="952" ind1=" " ind2=" ">
    <subfield code="0">0</subfield>
    <subfield code="1">0</subfield>
    <subfield code="4">0</subfield>
    <subfield code="7">0</subfield>
    <subfield code="a">JRU</subfield>
    <subfield code="c">SHELF - 17 - M</subfield>
    <subfield code="d">2016-05-13</subfield>
    <subfield code="l">9</subfield>
    <subfield code="m">4</subfield>
    <subfield code="o">658.3</subfield>
    <subfield code="p">2023</subfield>
    <subfield code="r">2026-03-23 06:32:32</subfield>
    <subfield code="s">2026-03-12</subfield>
    <subfield code="w">2016-05-13</subfield>
    <subfield code="y">BK</subfield>
  </datafield>
  <datafield tag="952" ind1=" " ind2=" ">
    <subfield code="0">0</subfield>
    <subfield code="1">0</subfield>
    <subfield code="4">0</subfield>
    <subfield code="7">0</subfield>
    <subfield code="a">JRU</subfield>
    <subfield code="c">SHELF - 17 - M</subfield>
    <subfield code="d">2016-05-13</subfield>
    <subfield code="l">9</subfield>
    <subfield code="m">1</subfield>
    <subfield code="o">658.3</subfield>
    <subfield code="p">2024</subfield>
    <subfield code="r">2020-03-02 00:00:00</subfield>
    <subfield code="s">2020-02-11</subfield>
    <subfield code="w">2016-05-13</subfield>
    <subfield code="y">BK</subfield>
  </datafield>
</record>
